| 000 | 00457nam a22001937a 4500 | ||
|---|---|---|---|
| 999 |
_c534058 _d534058 |
||
| 003 | Nust | ||
| 005 | 20200129123150.0 | ||
| 008 | 170112b xxu||||| |||| 00| 0 eng d | ||
| 020 | _a9695037208 | ||
| 038 | _aMSOHAIL | ||
| 040 | _cC | ||
| 082 | _a891.4394 | ||
| 100 |
_aMufti,Mumtaz _91012 |
||
| 245 |
_aAukhay Avalray / _cMumtaz Mufti |
||
| 260 |
_aLahore: _bAl Faisal; _c2008. |
||
| 300 |
_a236p:, _b22 cm. |
||
| 500 | _aHardcover. | ||
| 942 |
_cBK _2ddc |
||